000 00333nam a22001457a 4500
020 _a81-8199-178-8
082 _a001
_bBER/E
100 _aBERRY, EDWARD
245 _aENCYCLOPEDIA OF SCIENCE EXPERIMENTS
260 _aDELHI
_bFORTUNE BOOKS
300 _a128
520 _aSCIENCE QUIZ
650 _aSCIENCE QUIZ
_zDELHI
942 _cBK
999 _c6056
_d6056